| 000 | 00392nam a2200169Ia 4500 | ||
|---|---|---|---|
| 008 | 210210b1937 xxu||||| |||| 00| 0 eng d | ||
| 041 | _aeng | ||
| 082 | _a829/339 | ||
| 100 | _aDUDLEY (Owen Francis) | ||
| 245 | _aPageant of life | ||
| 260 |
_aLondon _bLongmans Green & Co _c1937 |
||
| 650 | _aPageant | ||
| 650 | _aof | ||
| 650 | _alife | ||
| 690 | _aEnglish Fiction | ||
| 906 | _a016943 | ||
| 999 |
_c136873 _d136873 |
||